000
00326nam a22001457a 4500
008
230414b ||||| |||| 00| 0 eng d
020
_a
9781323458372
041
_a
eng
080
_a
004
082
_a
004SEI
100
_a
18
101
_a
SHKI
245
_a
COMMUNICATION MAKING CONNECTIONS
_c
SEILER.J.W
942
_2
udc
_c
BK
999
_c
59539
_d
59539